000 00441nam a2200181Ia 4500
008 230524s9999 xx 000 0 und d
020 _a9788126556861
082 _a621.4
_bMCE
100 _aAdrian McEwen
245 0 _aDesigning the Internet of Things
250 _a1
260 _aDelhi
_bWiley
_c2018
300 _a"XI,324p;"
500 _aQuantity Number: 10
650 _aElectronics
700 _aHakim Cassimally
942 _cBK
999 _c60065
_d60065